On This Day: January 19th Quiz Stats

 Plays Quiz Updated Jan 19, 2018

Challenge
Share
Tweet
Embed
Score 0/7 Timer 03:00
0 Plays Today
Question Answer Wrong Answers
Almost 72% of all TV sets in the United States tune into ______ to watch an episode in which the title character gives birth to her son, ‘Little Ricky’.
1953
I Love Lucy
94.1%
My Little Margie
1.2%
The Donna Reed Show
2.2%
Our Miss Brooks
0.8%
Soviet forces liberate the Łódź Ghetto in this country.
1945
Poland
89.4%
Germany
3.5%
France
1.1%
Lithuania
4.8%
The first electric lighting system employing overhead wires, built by this man, begins service at Roselle, New Jersey.
1883
Thomas Edison
84.9%
Alexander Graham Bell
4.8%
Hiram Maxim
0.7%
George Westinghouse
9.6%
United States and ______ officials sign an agreement to release 52 American hostages after 14 months of captivity.
1981
Iranian
83.9%
Pakistani
3%
Indian
1%
Iraqi
10.2%
______ is elected the fourth prime minister of India.
1966
Indira Gandhi
73.2%
Ellen Johnson Sirleaf
1%
Jawaharlal Nehru
20.5%
Gamal Abdel Nasser
3.6%
This influential American singer-songwriter, who was inducted into the Country Music Hall of Fame in 1999, is born.
1946
Dolly Parton
68.4%
Loretta Lynn
13.3%
Reba McEntire
7.9%
Patsy Cline
8.9%
‘You Nazty Spy!’, the very first Hollywood film to satirize Adolf Hitler and the Nazis, premieres starring this comedic group.
1940
The Three Stooges
32.8%
Marx Brothers
45.9%
Laurel and Hardy
7.5%
Abbott and Costello
13.3%

Today's Daily Dose

Missing Word
Britpop Albums

Word Ladder
Sing It!

On This Day
December 14th II

You're not logged in!

Compare scores with friends on all Sporcle quizzes.
OR
Log In

You Might Also Like...

Show Comments

Extras

Top Quizzes Today


Score Distribution

Your Account Isn't Verified!

In order to create a playlist on Sporcle, you need to verify the email address you used during registration. Go to your Sporcle Settings to finish the process.

Report this User

Report this user for behavior that violates our Community Guidelines.

Details: